00584nam a2200205Ia 450000500170000000800410001702000250005804000190008304100120010208200130011410000170012724500540014426000410019830000150023950400500025463000200030465000150032465100290033985000100036820230114114239.0131103s9999 xx 000 0 und d a091564104 3cRs. 395 aLoreto College aEnglish a954bALO aAloysius, G. aNationalism without a nation in IndiacG.Aloysius aDelhibOxford University Pressc1997 axii,265p.  aIncludes bibliographical references and index aIndia - History aHistory -  aNationalism - History -  aLCLIB